Books of the Bible with 5 letters - Statistics

General Stats
  • This quiz has been taken 385 times
    375 since last reset
  • The average score is 6 of 10
Answer Stats
Book % Correct
James
79%
Jonah
79%
Micah
70%
Titus
66%
Nahum
60%
1 Kings
59%
1 Peter
59%
2 Peter
59%
Hosea
59%
2 Kings
58%
No matching quizzes found
Score Distribution
Percent of People with Each Score
Percentile by Number Answered
Your Score History
You have not taken this quiz since the last reset